| 000 | 01121nam a2200289 a 4500 | ||
|---|---|---|---|
| 008 | |||
| 020 | _a0814734650 (pbk.) | ||
| 049 | _aMAIN | ||
| 090 | _aHF1379 | ||
| 245 | 0 | 0 |
_aInteractions in the world economy : _bperspectives from international economic history / _cedited by Carl-Ludwig Holtfrerich. |
| 260 |
_aNew York : _bNew York University Press, _c1989. |
||
| 300 |
_axvi, 376 p. ; _c23 cm. |
||
| 500 | _a"Festschrift in honour of Wolfram Fischer, results of a symposium at Berlin on 6-7 May 1988 organised [sic] by Hartmut Kaelbe, Heinrich Volkmann, and Carl-Ludwig Holtfrerich on the occasion of his sixtieth birthday"--P. [v]. | ||
| 504 | _aIncludes bibliographical references. | ||
| 500 | _aIncludes index. | ||
| 600 | 1 | 0 | _aFischer, Wolfram. |
| 650 | 0 | _aInternational trade. | |
| 650 | 0 | _aEconomic development. | |
| 650 | 0 | _aEconomic history. | |
| 700 | 1 | _aHoltfrerich, Carl-Ludwig. | |
| 700 | 1 | _aFischer, Wolfram. | |
| 907 |
_a.b10019121 _b21-07-03 _c17-04-03 |
||
| 003 | |||
| 005 | 20230123133346.0 | ||
| 040 | _cNUST | ||
| 942 |
_cBOOKS _kHF1379 |
||
| 999 |
_c147205 _d147205 |
||